000
00212cam a2200097ua 4500
082
_a
894.812 308
_b
ACH/TH
100
_a
Achuthan Pillai, .
_9
1727
245
_a
Thacholi Udayanan /
300
_a
302 ; .
942
_c
BK
999
_c
7220
_d
7220